000 00699cam a22002171 4500
001 hew68000048
003 DLC
005 20260227111517.0
008 710901s1967 dcu 00000 eng c
010 _ahew68000048 //r85
040 _aU.S. Dept. of Health, Education, and Welfare. Library
050 0 _aHG2037
_b.A487 1967
082 _a334/.2
110 1 0 _aUnited States.
_bBureau of Federal Credit Unions.
245 1 0 _aEmergency preparedness guidelines for credit unions.
260 0 _aWashington
_b[For sale by the Supt. of Docs., U.S. Govt. Print. Off.]
_c1967.
300 _av, 39 p.
_c24 cm.
350 _a$0.25
500 _a"OCD FG-F-343."
650 0 _aCredit unions
_zUnited States.
999 _c34767
_d34767